Normal view
MARC view
Entry Topical Term
001 - CONTROL NUMBER
- control field: 963348
003 - CONTROL NUMBER IDENTIFIER
- control field: OSt
005 - DATE AND TIME OF LATEST TRANSACTION
- control field: 20260121112808.0
008 - FIXED-LENGTH DATA ELEMENTS
- fixed length control field: 260121|| aca||aabn | a|a d
040 ## - CATALOGING SOURCE
- Original cataloging agency: OSt
- Transcribing agency: OSt
150 ## - HEADING--TOPICAL TERM
- Topical term or geographic name entry element: Computer Science
670 ## - SOURCE DATA FOUND
- Source citation: Work cat.: (OSt)1546162: Bing Benny & Lorenz Pascal 963347, Networks, the Proceedings of the Joint International Conference on Wireless Lans and Home Networks Icwlhn 2002 and Networking Icn 2002
